| 000 | 01168nam a2200253Ia 4500 | ||
|---|---|---|---|
| 999 |
_c53438 _d53438 |
||
| 001 | 20482 | ||
| 003 | GE_BSU | ||
| 005 | 20210102222839.0 | ||
| 008 | 181216s1977||||ge |||||||||||||| || || | ||
| 040 | _cGE_BSU | ||
| 041 | _ageo | ||
| 080 | _a811.353.1-84(075.3) რ-21 | ||
| 100 |
_aრამიშვილი, ვ. _99964 |
||
| 245 |
_aქართული ენა : _bმე-3 კლ. სახელმძღვ. / _cვ. რამიშვილი, თ. ჩერქეზიშვილი, შ. თაბუკაშვილი ; რედ. ლ. კვინიკაძე. _h |
||
| 264 |
_aთბილისი : _bგანათლება, _c1977. |
||
| 300 |
_a222გვ. : _bილ. ; _c22სმ. |
||
| 541 | _h36 თ. | ||
| 653 | _aმე-3 კლასის სახელმძღვანელო | ||
| 653 | _aქართული ენა | ||
| 700 |
_aჩერქეზიშვილი, თ. _eრედაქტორი _99965 |
||
| 700 |
_aთაბუკაშვილი, შ. _eრედაქტორი _99966 |
||
| 700 |
_aკვინიკაძე, ლ. _eრედაქტორი _99831 |
||
| 942 |
_cBK _2udc |
||